000
00296nam a2200121Ia 4500
008
230917s9999||||xx |||||||||||||| ||und||
040
_e
153601
_a
MAIN
041
_a
English
082
_a
294.1 49V
100
_a
Mimavsak, Yudhisthar
245
0
_a
Vedanam mahtavam tattpscharopayach
942
_c
BK
999
_c
223890
_d
223890